Derived demand and relationships between prices at different levels in the value chain: A note (Record no. 45312)

MARC details
000 -LEADER
fixed length control field 00434nam a2200145Ia 4500
100 ## - MAIN ENTRY--AUTHOR NAME
Personal name Asche Frank
245 #0 - TITLE STATEMENT
Title Derived demand and relationships between prices at different levels in the value chain: A note
260 ## - PUBLICATION, DISTRIBUTION, ETC. (IMPRINT)
Name of publisher Journal of Agricultural Economics
Year of publication 2002
300 ## - PHYSICAL DESCRIPTION
Number of Pages 101-107
700 ## - ADDED ENTRY--PERSONAL NAME
Personal name Flaaten Ola
700 ## - ADDED ENTRY--PERSONAL NAME
Personal name Isaken John R
700 ## - ADDED ENTRY--PERSONAL NAME
Personal name Vassdal Terje
942 ## - ADDED ENTRY ELEMENTS (KOHA)
Koha item type Reprints
Holdings
Withdrawn status Lost status Damaged status Not for loan Home library Current library Shelving location Date acquired Serial Enumeration / chronology Accession Number Koha item type
      Reprints RRII Library RRII Library Agricultural economics 22/12/2021 Volume 53, Issue 1 P1544 Reprints